000
00328nam a22001337a 4500
008
180223b xxu||||| |||| 00| 0 eng d
020
_a
9780844207315
041
_a
eng
080
_a
24
100
_a
030
101
_a
gju
245
_a
ntc multingual dictionary of american sign language
_c
claude.o./p
942
_2
udc
_c
BK
999
_c
43278
_d
43278